| 000 | 00524nam a2200181 i 4500 | ||
|---|---|---|---|
| 001 | 131025 | ||
| 003 | ES-MaACL | ||
| 005 | 20230906193911.0 | ||
| 007 | t| | ||
| 008 | 070214s1972 sp |||| | spa d | ||
| 100 | 1 |
_aRoche, Michel. _998064 |
|
| 245 | 1 | 3 |
_aLa vida con automóvil / _cMichel Roche ; traducción de J.M. de Burgos. |
| 260 |
_aBarcelona : _bClio, _c1972. |
||
| 300 |
_a94 p. ; _c20 cm. |
||
| 650 | 0 | 4 |
_aAutomóviles- _xConducción. _910437 |
| 700 | 1 |
_aBurgos, J. M. de. _932651 |
|
| 852 |
_aES-MaACL _jC-48634 |
||
| 999 |
_c131025 _d131025 |
||